Geographic Regions of Turkey - Statistics

General Stats
  • This quiz has been taken 182 times
  • The average score is 5 of 7
Answer Stats
Hint Answer % Correct
2. Black Sea
87%
5. Marmara
83%
1. Aegean
67%
3. Central Anatolia
60%
6. Mediterranean
57%
4. Eastern Anatolia
55%
7. Southeastern Anatolia
46%
No matching quizzes found
Score Distribution
Percent of People with Each Score
Percentile by Number Answered
Your Score History
You have not taken this quiz